| 000 | 01637cam a2200409 a 4500 | ||
|---|---|---|---|
| 001 | 15031989 | ||
| 003 | EG-ScBUE | ||
| 005 | 20220612122019.0 | ||
| 008 | 071003s2008 enka f 000 0 eng d | ||
| 020 | _a9780521693028 | ||
| 020 | _a0521693020 | ||
| 020 | _a9780521693035 (pbk.) | ||
| 020 | _a0521693039 (pbk.) | ||
| 035 | _a(OCoLC)ocn173683765 | ||
| 035 |
_a(OCoLC)173683765 _z(OCoLC)183264787 |
||
| 040 |
_aDLC _beng _erda _cDLC _dYDX _dBAKER _dBTCTA _dUKM _dYDXCP _dDLC _dEG-ScBUE |
||
| 082 | 0 | 4 |
_a428.24 _222 _bZEM |
| 100 | 1 |
_aZemach, Dorothy E., _eauthor. _97949 |
|
| 245 | 1 | 0 |
_aWriters at work : _bthe essay, _pTeacher's manual / _cDorothy E. Zemach, Lynn Stafford-Yilmaz. |
| 246 | 3 | 0 | _aTeacher's manual |
| 264 | 1 |
_aCambridge : _bCambridge University Press, _c2008. |
|
| 300 |
_axv, 167 pages : _billustrations ; _c28 cm |
||
| 336 |
_2rdacontent _atext _btxt |
||
| 337 |
_2rdamedia _aunmediated _bn |
||
| 338 |
_2rdacarrier _avolume _bnc |
||
| 650 | 7 |
_aEnglish language _vTextbooks for foreign speakers. _97950 _2BUEsh |
|
| 650 | 7 |
_aEnglish language _xRhetoric _vProblems, exercises, etc. _97951 _2BUEsh |
|
| 650 | 7 |
_aReport writing _vProblems, exercises, etc. _97952 _2BUEsh |
|
| 650 | 7 |
_aEnglish language _xEssays _vProblems, exercises etc. _97953 _2BUEsh |
|
| 651 | _2BUEsh | ||
| 653 | _bHHUUEENN | ||
| 655 |
_vReading book _934232 |
||
| 700 | 1 |
_aStafford-Yilmaz, Lynn, _eauthor. _97954 |
|
| 856 | 4 | 2 |
_3Publisher description _uhttp://www.loc.gov/catdir/enhancements/fy0803/2007040730-d.html |
| 942 |
_2ddc _cBB |
||
| 999 |
_c12323 _d12323 |
||